000 00494nam a2200181Ia 4500
008 191130s2008##################000#0#eng##
020 _a9781405328807
040 _aACL
_cACL
082 _a641.5 KAR
100 _aKarmel, Annabel
245 _aMummy and me cookbook
_cAnnabel Karmel
260 _aLondon
_bDorling Kindersley
_c2008
300 _a47 p. : col. ill. ; 28 cm
650 _aJuvenile audience
990 _aa2843163ac10000c0605897bb5299631
991 _a59949
999 _c16500
_d16500